| 000 | 01142pam a2200313 i 4500 | ||
|---|---|---|---|
| 001 | 8534 | ||
| 003 | BD-RjUL | ||
| 005 | 20211208234615.0 | ||
| 008 | 140118s19811977enka b 001 0 eng | ||
| 020 | _a0521214408 | ||
| 020 | _a0521297508 (pbk) | ||
| 035 | _a(BD-RjUL)8579 | ||
| 040 |
_aDLC _cDLC _dBD-RjUL _beng |
||
| 041 | _aeng | ||
| 082 | 0 | 0 |
_a570.15195 _bPOH 1981 |
| 100 | 1 |
_aPollard, J. H. _921047 |
|
| 245 | 1 | 2 |
_aA handbook of numerical and statistical techniques with examples mainly from the life sciences / _cJ. H. Pollard. |
| 260 |
_aCambridge, [Eng.] ; _aNew York : _bCambridge University Press, _cc1977 [Reprinted 1981]. |
||
| 300 |
_axvi, 349 p. : _bill. ; _c24 cm. |
||
| 500 | _aIncludes indexes. | ||
| 504 | _aBibliography: p. 332-335. | ||
| 650 | 0 |
_aBiomathematics. _920804 |
|
| 650 | 0 |
_aMedicine _xMathematics. _926569 |
|
| 740 | _aNumerical and statistical techniques. | ||
| 856 | 4 | 2 |
_3Publisher description _uhttp://www.loc.gov/catdir/enhancements/fy0901/76027908-d.html |
| 856 | 4 | 1 |
_3Table of contents only _uhttp://www.loc.gov/catdir/enhancements/fy0901/76027908-t.html |
| 942 |
_2ddc _cBK |
||
| 999 |
_c8534 _d8534 |
||